000 00792nam a22002777a 4500
001 7063
003 FISKH
005 20250619152303.0
008 250619b cb ||||| |||| 00| 0 eng d
020 _a9780545228589
040 _aFISKH
_beng
_cFISKH
_dFISKH
050 _aPZ7.P8362 N
082 _a813.6
100 _aPortis, Antoinette
245 _aNot a box /
_cBy Antoinette Portis
260 _aNew York :
_bScholastic ,
_c2006.
300 _a28 pages :
_bcolor illustrations ;
_c23x24 cm .
505 _aE
520 _aTo an imaginative bunny, a box is not always just a box.
521 8 _a240
_blexile
521 8 _aE
_bRaz-Plus
650 _aRabbit
_vJuvenile Literature
650 _aBoxes
_vJuvenile Literature
942 _2ddc
_cBK
_n0
999 _c7063
_d7063